000
00283nam a22001217a 4500
008
181121b xxu||||| |||| 00| 0 eng d
041
_a
eng
080
_a
370
100
_a
47
101
_a
EDU
245
_a
The Devloping Person Through Life Span
_c
Berger.K.S
942
_2
udc
_c
BK
999
_c
52279
_d
52279